[Event "Nordnorsk mesterskap i Tromsø 2026"]
[Site "Sparebanken Nordnorge festsal"]
[Date "2026.05.24"]
[Round "4"]
[White "Røyset, Pål"]
[Black "Larsen, Martin H."]
[Result "1-0"]
[WhiteElo "2095"]
[BlackElo "2083"]
[PlyCount "84"]
[EventDate "2026.??.??"]

1. e4 c5 2. Nf3 Nc6 3. Bb5 g6 4. O-O Bg7 5. Re1 Qb6 6. Na3 Nf6 7. e5 Nd5 8. Qe2
O-O 9. Qe4 Nc7 10. Bf1 Nb4 11. c3 Nbd5 12. d4 d6 13. Qh4 cxd4 14. cxd4 dxe5 15.
dxe5 Ne6 16. Bc4 Nec7 17. Nc2 Be6 18. Ncd4 Rad8 19. Bb3 h5 20. h3 Nb5 21. Nxb5
Qxb5 22. Bg5 Rc8 23. Rad1 Qa5 24. Nd4 Qb6 25. Nxe6 fxe6 26. Rxd5 exd5 27. Bxe7
Rf5 28. Bd6 Bf6 29. Qg3 Rg5 30. Qd3 Rd8 31. Qxd5+ Kh7 32. Qf7+ Bg7 33. Be6 Rxd6
34. exd6 Qc6 35. f3 Qxd6 36. f4 Rg3 37. Bd5 Rd3 38. Be4 Rd2 39. f5 Kh6 40. Rf1
Qd4+ 41. Kh1 Qf6 42. fxg6 Qxf7 1-0

[Event "Nordnorsk mesterskap i Tromsø 2026"]
[Site "Sparebanken Nordnorge festsal"]
[Date "2026.05.24"]
[Round "4"]
[White "Jessen, Simon P."]
[Black "Remman, Frank"]
[Result "1-0"]
[WhiteElo "2029"]
[BlackElo "1845"]
[PlyCount "71"]
[EventDate "2026.??.??"]

1. d4 Nf6 2. c4 b6 3. Nc3 Bb7 4. Nf3 e6 5. a3 Be7 6. Qc2 d5 7. cxd5 Nxd5 8. e4
Nxc3 9. bxc3 O-O 10. Bd3 c5 11. O-O cxd4 12. cxd4 Nc6 13. d5 exd5 14. exd5 Qxd5
15. Bxh7+ Kh8 16. Be4 Qc5 17. Qe2 Bf6 18. Be3 Qe7 19. Nd2 g6 20. Rac1 Nd4 21.
Qg4 Bxe4 22. Nxe4 Ne2+ 23. Kh1 Bh4 24. Ng5 Bxg5 25. Bxg5 f6 26. Rcd1 Rf7 27.
Be3 Nc3 28. Rd3 Qe4 29. Qh3+ Rh7 30. Bh6 Nb5 31. Rfd1 Re8 32. Re3 Qc6 33. Qf3
Qc8 34. Qxf6+ Kg8 35. Qxg6+ Kh8 36. Qxe8+ 1-0

[Event "Nordnorsk mesterskap i Tromsø 2026"]
[Site "Sparebanken Nordnorge festsal"]
[Date "2026.05.24"]
[Round "4"]
[White "Engkvist, Tomas"]
[Black "Hansen, Thobias G."]
[Result "0-1"]
[WhiteElo "1974"]
[BlackElo "1872"]
[PlyCount "80"]
[EventDate "2026.??.??"]

1. e4 e6 2. d4 d5 3. e5 c5 4. c3 Qb6 5. Nf3 Bd7 6. Be2 Bb5 7. dxc5 Bxc5 8. b4
Bxf2+ 9. Kf1 Bc6 10. a4 a6 11. Na3 Be3 12. a5 Qa7 13. b5 axb5 14. Nxb5 Bxb5 15.
Bxb5+ Nc6 16. a6 Bxc1 17. Qa4 Qb6 18. Ke2 Nge7 19. Rhxc1 O-O 20. Rcb1 bxa6 21.
Bd3 Qc5 22. Qc2 Ng6 23. Ra4 f5 24. exf6 Rxf6 25. Rg4 Nce5 26. Rbb4 Nxg4 27.
Rxg4 Rc8 28. h4 Qxc3 29. Qb1 Nf4+ 30. Rxf4 Rxf4 31. Bxh7+ Kh8 32. Bd3 Re4+ 33.
Kf2 Rb4 34. Qd1 Rb2+ 35. Kg3 Rd2 36. Nxd2 Qxd3+ 37. Kh2 Rf8 38. Qh5+ Qh7 39.
Qg5 Qh6 40. Qe7 Qf6 0-1

[Event "Nordnorsk mesterskap i Tromsø 2026"]
[Site "Sparebanken Nordnorge festsal"]
[Date "2026.05.22"]
[Group "Mester"]
[Table "1"]
[Round "5"]
[White "Simon Pind Jessen"]
[Black "Sivert Schanche Tørfoss"]
[WhiteElo "2029"]
[BlackElo "2311"]
[Result "1/2-1/2"]

1. d4 Nf6 2. c4 e6 3. Nc3 Bb4 4. Qc2 O-O 5. a3 Bxc3+ 6. Qxc3 d5 7. Bg5 dxc4 8. Qxc4 b6 9. b4 Ba6 10. b5 Bb7 11. Rc1 c6 12. e3 a6 13. bxa6 Bxa6 14. Qb3 Bxf1 15. Kxf1 Ne4 16. Bxd8 Nd2+ 17. Ke1 Nxb3 18. Rb1 Nxd4 19. Bxb6 Nc2+ 20. Ke2 Nxa3 21. Rc1 Nd7 22. Bd4 Nb5 23. Nf3 Ra2+ 24. Nd2 e5 25. Bc5 Nxc5 26. Rxc5 Rd8 27. Rd1 Rd6 28. Ke1 f6 29. Ne4 Rxd1+ 30. Kxd1 f5 31. Nd2 Ra1+ 32. Ke2 e4 33. Rxc6 Ra3 34. f3 Nc3+ 35. Kf1 f4 36. Nxe4 Ra1+ 37. Kf2 Ra2+ 38. Kf1 Ra1+ 39. Kf2 Nd1+ 40. Ke2 Nxe3 41. g3 Ra2+ 42. Nd2 g5 43. gxf4 gxf4 44. Rd6 Ra4 45. Ne4 Nc4 46. Rd4 Ra2+ 47. Nd2 Nxd2 48. Rxd2 Ra4 49. Rd7 1/2-1/2

[Event "Nordnorsk mesterskap i Tromsø 2026"]
[Site "Sparebanken Nordnorge festsal"]
[Date "2026.05.24"]
[Round "5"]
[White "Bech, Håvard E."]
[Black "Søraas, Torben"]
[Result "0-1"]
[WhiteElo "2144"]
[BlackElo "2134"]
[PlyCount "82"]
[EventDate "2026.??.??"]

1. c4 c5 2. Nf3 Nf6 3. Nc3 g6 4. g3 Nc6 5. Bg2 Bg7 6. O-O O-O 7. d4 Nxd4 8.
Nxd4 cxd4 9. Qxd4 d6 10. Qd3 a6 11. Bd2 Bf5 12. e4 Be6 13. b3 Nd7 14. a4 Nc5
15. Qc2 a5 16. Rab1 Qd7 17. Nd5 Bxd5 18. exd5 b6 19. Bc3 Bxc3 20. Qxc3 Qf5 21.
Rbe1 Qf6 22. Qxf6 exf6 23. Re3 Rfe8 24. Rfe1 Kf8 25. Bf3 Re5 26. Bd1 Rae8 27.
Bc2 Rxe3 28. Rxe3 Rxe3 29. fxe3 f5 30. Kf2 Ke7 31. Kf3 Kf6 32. h3 Ke5 33. Ke2
h6 34. Kf3 g5 35. Bd1 Nd3 36. Be2 Nc5 37. Bd1 Ne4 38. Bc2 Nf6 39. Bb1 g4+ 40.
Kg2 gxh3+ 41. Kxh3 Ng4 0-1

[Event "Nordnorsk mesterskap i Tromsø 2026"]
[Site "Sparebanken Nordnorge festsal"]
[Date "2026.05.24"]
[Round "5"]
[White "Hammari, Vinjar"]
[Black "Røyset, Pål"]
[Result "1-0"]
[WhiteElo "2121"]
[BlackElo "2095"]
[PlyCount "87"]
[EventDate "2026.??.??"]

1. e4 e5 2. Nc3 Nf6 3. d4 exd4 4. Qxd4 Nc6 5. Qd3 Bb4 6. Bd2 O-O 7. O-O-O Re8
8. Nge2 Bc5 9. Bg5 h6 10. Bh4 d6 11. f4 g5 12. fxg5 Ne5 13. Qg3 Nh5 14. Qe1
hxg5 15. Bf2 Bxf2 16. Qxf2 Qf6 17. Qg1 Be6 18. Nd4 a6 19. Be2 Nf4 20. Rf1 c5
21. Nxe6 fxe6 22. Bh5 Qg7 23. Bxe8 Rxe8 24. g3 Nh3 25. Qe3 b5 26. Nd1 g4 27.
Kb1 Nc4 28. Qc1 Ng5 29. Ne3 Nxe4 30. Nxc4 bxc4 31. c3 Rb8 32. Ka1 d5 33. Rf4
Rf8 34. Rhf1 Rxf4 35. Qxf4 a5 36. Qb8+ Kh7 37. Qe8 Ng5 38. Qh5+ Kg8 39. Qxg4 d4
40. h4 Nf7 41. Qxe6 dxc3 42. Qe8+ Qf8 43. Qxf8+ Kxf8 44. bxc3 1-0

[Event "Nordnorsk mesterskap i Tromsø 2026"]
[Site "Sparebanken Nordnorge festsal"]
[Date "2026.05.24"]
[Round "5"]
[White "Solbu, August"]
[Black "Larsen, Martin H."]
[Result "1/2-1/2"]
[WhiteElo "2019"]
[BlackElo "2083"]
[PlyCount "174"]
[EventDate "2026.??.??"]

1. e4 e6 2. d4 c5 3. Nf3 cxd4 4. Nxd4 Nc6 5. Nc3 a6 6. Be3 Nge7 7. Qf3 g6 8.
Qf6 Rg8 9. Qh4 h6 10. O-O-O Bg7 11. Nxc6 Nxc6 12. Qxd8+ Nxd8 13. Bb6 Nc6 14. f4
f5 15. e5 Bf8 16. g4 Be7 17. gxf5 gxf5 18. Be2 Bd8 19. Bh5+ Kf8 20. Na4 Be7 21.
Nc5 Rg7 22. Kb1 Bh4 23. Rhg1 Rxg1 24. Rxg1 Ne7 25. c4 Rb8 26. a4 Bf2 27. Nxe6+
dxe6 28. Bxf2 Bd7 29. b3 Be8 30. Bxe8 Rxe8 31. Bc5 Kf7 32. Rd1 Rc8 33. Ba3 Rc7
34. Rd6 Ng6 35. Bc1 Nh4 36. Rd3 Ng6 37. Kc2 b5 38. Kc3 Ne7 39. Rd6 bxc4 40.
bxc4 Nd5+ 41. Kd4 Nb4 42. Rb6 Nc6+ 43. Kd3 Na5 44. Rxa6 Nxc4 45. Be3 Nb2+ 46.
Kd2 Nc4+ 47. Ke2 Nxe3 48. Kxe3 Rc3+ 49. Kf2 Rc2+ 50. Kg3 Rc3+ 51. Kh4 Rf3 52.
Ra7+ Kg6 53. Ra6 Rxf4+ 54. Kg3 Kg5 55. a5 Ra4 56. Rxe6 Ra3+ 57. Kg2 Rxa5 58.
Re8 Kg4 59. Rg8+ Kf4 60. e6 Ra2+ 61. Kh3 Re2 62. Rg6 h5 63. Rf6 Kg5 64. Rf8
Rxe6 65. Kg3 Re3+ 66. Kf2 Ra3 67. Kg2 h4 68. Rc8 h3+ 69. Kf2 Kg4 70. Rc4+ f4
71. Rc2 Ra1 72. Rc8 Ra2+ 73. Kg1 Re2 74. Rc1 Kf3 75. Rc3+ Re3 76. Rc1 Rd3 77.
Re1 Rd2 78. Kh1 Re2 79. Rf1+ Ke3 80. Ra1 f3 81. Rd1 Rd2 82. Re1+ Kf2 83. Rf1+
Ke2 84. Rf2+ Ke3 85. Rf1 f2 86. Ra1 Re2 87. Ra3+ Kd4 1/2-1/2

[Event "Nordnorsk mesterskap i Tromsø 2026"]
[Site "Sparebanken Nordnorge festsal"]
[Date "2026.05.24"]
[Round "5"]
[White "Jensen, Stein"]
[Black "Engkvist, Tomas"]
[Result "1-0"]
[WhiteElo "1954"]
[BlackElo "1974"]
[PlyCount "200"]
[EventDate "2026.??.??"]

1. Nf3 c5 2. c4 Nc6 3. Nc3 Nf6 4. g3 g6 5. Bg2 Bg7 6. O-O e5 7. Ne1 d6 8. Nc2
Be6 9. Ne3 Qd7 10. Re1 h5 11. h4 Rb8 12. a3 a6 13. Ncd5 b5 14. d3 bxc4 15. dxc4
Nd4 16. Rb1 Nxd5 17. Bxd5 Bf5 18. Nxf5 Qxf5 19. Bd2 Nb3 20. Bc3 O-O 21. e3 Rb6
22. Qe2 e4 23. Bxg7 Kxg7 24. Rf1 Qe5 25. Kg2 f5 26. Rfd1 Rfb8 27. Qc2 Kf6 28.
Kh2 Kg7 29. Kg2 Kh6 30. Re1 Na5 31. Re2 Qg7 32. f3 exf3+ 33. Bxf3 Nb3 34. Bd5
Qe5 35. Kh3 Re8 36. Ree1 Reb8 37. Qf2 Na5 38. Re2 Rb3 39. Qf4+ Qxf4 40. exf4
Rxa3 41. bxa3 Rxb1 42. Re7 Rb6 43. Rc7 Rb3 44. Re7 Rb1 45. Rd7 Rb6 46. Kg2 Rb2+
47. Kg1 Rb1+ 48. Kf2 Rb2+ 49. Kf1 Rb1+ 50. Kg2 Rb2+ 51. Kf1 Rb1+ 52. Ke2 Rb2+
53. Ke1 Rb1+ 54. Kd2 Rb2+ 55. Kc1 Rb6 56. Kc2 Rb3 57. Rxd6 Rxa3 58. Rxa6 Ra2+
59. Kb1 Ra4 60. Kc2 Ra2+ 61. Kd3 Ra3+ 62. Ke2 Ra2+ 63. Kf3 Ra3+ 64. Kg2 Ra1 65.
Bf7 Nb3 66. Rxg6+ Kh7 67. Rc6 Ra2+ 68. Kg1 Ra1+ 69. Kf2 Ra2+ 70. Ke3 Ra3 71.
Kf2 Ra2+ 72. Kg1 Nd4 73. Rxc5 Ne2+ 74. Kf2 Nc3+ 75. Ke3 Ne4 76. Rxf5 Nxg3 77.
Rg5 Ra3+ 78. Kd4 Rf3 79. Ke5 Re3+ 80. Kd4 Rf3 81. Bxh5 Rxf4+ 82. Kd3 Nxh5 83.
Rxh5+ Kg6 84. Re5 Rxh4 85. c5 Kf6 86. Re1 Ra4 87. Kc3 Kf7 88. Kb3 Rd4 89. Re3
Kf6 90. c6 Rd6 91. Rc3 Rd8 92. Kb4 Ke6 93. Kc5 Rd5+ 94. Kb6 Rd1 95. c7 Kd6 96.
c8=Q Rb1+ 97. Ka5 Ra1+ 98. Kb4 Rb1+ 99. Rb3 Rxb3+ 100. Kxb3 Ke5 1-0

[Event "Nordnorsk mesterskap i Tromsø 2026"]
[Site "Sparebanken Nordnorge festsal"]
[Date "2026.05.24"]
[Round "5"]
[White "Remman, Frank"]
[Black "Berglund, Jan S."]
[Result "1/2-1/2"]
[WhiteElo "1845"]
[BlackElo "1965"]
[PlyCount "47"]
[EventDate "2026.??.??"]

1. d4 d5 2. Nc3 f5 3. Bg5 Nf6 4. Bxf6 exf6 5. e3 c6 6. Bd3 Be6 7. Qf3 g6 8.
Nge2 Qd7 9. Nf4 Bf7 10. h4 Na6 11. a3 Nc7 12. O-O-O O-O-O 13. Kb1 b5 14. Na2 a5
15. Ne2 Bd6 16. Nec1 a4 17. c3 Na8 18. Nb4 Bxb4 19. cxb4 Nb6 20. Bc2 Nc4 21.
Nd3 Qd6 22. g3 h5 23. Nc5 Kc7 24. Ka2 1/2-1/2

[Event "Nordnorsk mesterskap i Tromsø 2026"]
[Site "Sparebanken Nordnorge festsal"]
[Date "2026.05.24"]
[Round "5"]
[White "Hansen, Thobias G."]
[Black "Strømme, Vebjørn C."]
[Result "1/2-1/2"]
[WhiteElo "1872"]
[BlackElo "1820"]
[PlyCount "89"]
[EventDate "2026.??.??"]

1. e4 Nf6 2. e5 Nd5 3. Nc3 Nxc3 4. bxc3 d5 5. Nf3 Bg4 6. Rb1 Nd7 7. d4 Rb8 8.
h3 Bh5 9. e6 fxe6 10. g4 Bg6 11. Bf4 e5 12. Nxe5 Nxe5 13. Bxe5 e6 14. Bd3 Bxd3
15. Qxd3 Qd7 16. Qb5 c6 17. Qe2 Bd6 18. O-O O-O 19. f4 Qc7 20. Rbe1 Rbe8 21. f5
exf5 22. gxf5 Qd7 23. Qg4 Rf7 24. Qf4 Be7 25. Kh2 Ref8 26. Rg1 Bf6 27. Qg4
Bxe5+ 28. Rxe5 Rxf5 29. Rf1 Rf2+ 30. Rxf2 Rxf2+ 31. Kg3 Qxg4+ 32. hxg4 Rxc2 33.
Re7 Rxc3+ 34. Kf4 Rc4 35. Ke5 Rb4 36. g5 Rb2 37. Kd6 a5 38. a4 Rb3 39. Kd7 Rc3
40. Kd6 Rc4 41. Ke6 g6 42. Kd7 Kf8 43. Re8+ Kf7 44. Re7+ Kf8 45. Re8+ 1/2-1/2

[Event "Nordnorsk mesterskap i Tromsø 2026"]
[Site "Sparebanken Nordnorge festsal"]
[Date "2026.05.25"]
[Round "6"]
[White "Tørfoss, Sivert S."]
[Black "Søraas, Torben"]
[Result "1-0"]
[WhiteElo "2311"]
[BlackElo "2134"]
[PlyCount "83"]
[EventDate "2026.??.??"]

1. c4 c5 2. Nf3 Nf6 3. Nc3 g6 4. g3 Nc6 5. d4 Nxd4 6. Nxd4 cxd4 7. Qxd4 Bg7 8.
Bg2 O-O 9. O-O d6 10. Qd3 a6 11. Bg5 Be6 12. b3 Rb8 13. Rac1 Qa5 14. Qd2 Rfc8
15. a4 Qb4 16. Qa2 Qa5 17. Qd2 Qb4 18. Rb1 h6 19. Be3 Bf5 20. Rb2 Ng4 21. Bd4
e5 22. Ba7 Ra8 23. Be3 Nxe3 24. fxe3 Be6 25. Bd5 Rab8 26. Ne4 Qb6 27. a5 Qa7
28. Nxd6 Rd8 29. Bxe6 fxe6 30. b4 b6 31. axb6 Rxb6 32. c5 Rc6 33. Ra2 Bf8 34.
Qc2 Bxd6 35. Qxg6+ Qg7 36. Qxe6+ Kh8 37. Qd5 Qg8 38. Qxc6 Qxa2 39. cxd6 Qd2 40.
d7 Qxe3+ 41. Kh1 Qd2 42. Qf6+ 1-0

[Event "Nordnorsk mesterskap i Tromsø 2026"]
[Site "Sparebanken Nordnorge festsal"]
[Date "2026.05.25"]
[Round "6"]
[White "Røyset, Pål"]
[Black "Jessen, Simon P,"]
[Result "1-0"]
[WhiteElo "2095"]
[BlackElo "2029"]
[PlyCount "43"]
[EventDate "2026.??.??"]

1. e4 c6 2. d4 d5 3. exd5 cxd5 4. Bd3 Nc6 5. c3 Nf6 6. h3 e5 7. dxe5 Nxe5 8.
Nf3 Nxd3+ 9. Qxd3 Be7 10. O-O h6 11. Re1 O-O 12. Nbd2 b6 13. Nd4 Bb7 14. Nf5
Re8 15. Qg3 Nh5 16. Nxh6+ Kf8 17. Qf3 Bf6 18. Rxe8+ Qxe8 19. Qxh5 Qe1+ 20. Nf1
g6 21. Ng4 Bg7 22. Qh8+ 1-0

[Event "Nordnorsk mesterskap i Tromsø 2026"]
[Site "Sparebanken Nordnorge festsal"]
[Date "2026.05.25"]
[Round "6"]
[White "Engkvist, Tomas"]
[Black "Remman, Frank"]
[Result "1-0"]
[WhiteElo "1974"]
[BlackElo "1845"]
[PlyCount "45"]
[EventDate "2026.??.??"]

1. e4 c5 2. Nf3 e6 3. d4 cxd4 4. Nxd4 Nc6 5. Nc3 Qc7 6. Be3 Nf6 7. f3 a6 8. Bc4
b5 9. Bb3 Na5 10. O-O Nxb3 11. cxb3 Bc5 12. Qe2 Qa7 13. Qf2 Qb8 14. Nxe6 Bxe3
15. Nxg7+ Kf8 16. Qxe3 h5 17. Nf5 d5 18. Qc5+ Kg8 19. Ne7+ Kh7 20. Nexd5 Nd7
21. Qe7 Ne5 22. f4 Ra7 23. Qxe5 1-0

[Event "Nordnorsk mesterskap i Tromsø 2026"]
[Site "Sparebanken Nordnorge festsal"]
[Date "2026.05.25"]
[Round "6"]
[White "Berglund, Jan S."]
[Black "Strømme, Vebjørn C."]
[Result "1-0"]
[WhiteElo "1965"]
[BlackElo "1820"]
[PlyCount "85"]
[EventDate "2026.??.??"]

1. d4 d5 2. c4 e6 3. Nf3 a6 4. g3 dxc4 5. a4 b6 6. Bg2 Bb7 7. O-O b5 8. Bf4 Nf6
9. Nbd2 Nd5 10. axb5 axb5 11. Rxa8 Bxa8 12. Qa1 Nd7 13. Qa6 c3 14. bxc3 Nxc3
15. Bxc7 Nxe2+ 16. Kh1 Qxc7 17. Qxa8+ Qb8 18. Qc6 Qd6 19. Qc8+ Ke7 20. Ne4 Qb8
21. Qc2 f5 22. Nc5 Nxc5 23. dxc5 Kf6 24. Qxe2 Bxc5 25. Qd2 Bd6 26. Re1 h6 27.
Nd4 e5 28. Nc6 Qc7 29. Rd1 Ba3 30. f4 Kg6 31. Nxe5+ Kh7 32. Qd3 Rf8 33. Qxa3
Qc2 34. Qd3 Qb2 35. Rb1 Qf2 36. h4 Rf6 37. Rxb5 Rf8 38. Kh2 Kg8 39. Rb7 Rf6 40.
Qd7 Rg6 41. Qe8+ Kh7 42. Qxg6+ Kg8 43. Qxg7# 1-0

[Event "Nordnorsk mesterskap i Tromsø 2026"]
[Site "Sparebanken Nordnorge festsal"]
[Date "2026.05.25"]
[Round "6"]
[White "Larsen, Martin H."]
[Black "Jensen, Stein"]
[Result "1/2-1/2"]
[WhiteElo "2083"]
[BlackElo "1954"]
[PlyCount "105"]
[EventDate "2026.??.??"]

1. e4 Nf6 2. e5 Nd5 3. d4 d6 4. Nf3 g6 5. Bg5 Bg7 6. c4 Nb6 7. exd6 cxd6 8. Qd2
h6 9. Be3 Bg4 10. Be2 Bxf3 11. Bxf3 Nxc4 12. Qb4 Qa5 13. Qxa5 Nxa5 14. b4 Nac6
15. b5 Nxd4 16. Bxb7 Nc2+ 17. Ke2 Bxa1 18. Rc1 Nxe3 19. fxe3 O-O 20. Bxa8 Nd7
21. Rc7 Rxa8 22. Rxd7 Kf8 23. a4 Ke8 24. Rb7 Be5 25. Nd2 d5 26. Nf3 Bd6 27. Nd4
a6 28. b6 a5 29. Nc6 e5 30. Na7 Bc5 31. Nb5 Rc8 32. Rc7 Rxc7 33. Nxc7+ Kd7 34.
Nxd5 f5 35. b7 Ba7 36. Kd3 Kc6 37. Ne7+ Kxb7 38. Nxg6 e4+ 39. Ke2 Bb8 40. g3
Kc6 41. Ne7+ Kc5 42. Nxf5 Kb4 43. Kd2 Kxa4 44. Kc2 Kb4 45. Ne7 Bd6 46. Nd5+ Kc4
47. Nc3 Bc5 48. Nxe4 Bxe3 49. Nd6+ Kb4 50. Nf5 Bg1 51. h4 h5 52. Kb2 Bf2 53.
Ka2 1/2-1/2

[Event "Nordnorsk mesterskap i Tromsø 2026"]
[Site "Sparebanken Nordnorge festsal"]
[Date "2026.05.25"]
[Round "6"]
[White "Hansen, Thobias G."]
[Black "Bech, Håvard E."]
[Result "1-0"]
[WhiteElo "1872"]
[BlackElo "2144"]
[PlyCount "118"]
[EventDate "2026.??.??"]

1. e4 e5 2. Nf3 Nc6 3. Nc3 Nf6 4. Be2 d5 5. exd5 Nxd5 6. Bb5 Nxc3 7. bxc3 Bd6
8. d4 exd4 9. O-O O-O 10. cxd4 Bg4 11. c3 a6 12. Bd3 Re8 13. h3 Bh5 14. Be3 Bg6
15. Bxg6 hxg6 16. Qd3 Ne7 17. c4 c6 18. a4 Bc7 19. Rab1 b6 20. Rfd1 Nf5 21. d5
Nxe3 22. fxe3 Qd6 23. e4 Rad8 24. e5 Rxe5 25. Nxe5 Qxe5 26. Qd4 Qh2+ 27. Kf1
cxd5 28. cxd5 Rd6 29. Rb3 Rf6+ 30. Rf3 Rxf3+ 31. gxf3 Qxh3+ 32. Ke2 Qg2+ 33.
Qf2 Qg5 34. Qe3 Qg2+ 35. Qf2 Qxf2+ 36. Kxf2 Bd6 37. Rc1 Bc5+ 38. Ke2 Kf8 39. a5
Ke7 40. axb6 Bxb6 41. Rc6 Bd4 42. Rxa6 g5 43. Kd3 Be5 44. Ke4 Bf4 45. Ra7+ Kf6
46. Kd4 Kg6 47. d6 Bxd6 48. Ra6 Kf5 49. Rxd6 Kf4 50. Rd7 f6 51. Kd3 Kxf3 52.
Kd2 g4 53. Ke1 f5 54. Rxg7 f4 55. Kf1 Kg3 56. Kg1 f3 57. Rf7 Kh4 58. Kf2 Kh5
59. Kg3 Kg5 1-0

[Event "Nordnorsk mesterskap i Tromsø 2026"]
[Site "Sparebanken Nordnorge festsal"]
[Date "2026.05.25"]
[Round "6"]
[White "Solbu, August"]
[Black "Hammari, Vinjar"]
[Result "1/2-1/2"]
[WhiteElo "2019"]
[BlackElo "2121"]
[PlyCount "226"]
[EventDate "2026.??.??"]

1. e4 e6 2. d4 d5 3. Nc3 Bb4 4. Nge2 Nc6 5. exd5 exd5 6. a3 Ba5 7. b4 Bb6 8.
Na4 Nf6 9. c3 O-O 10. f3 Re8 11. Nxb6 axb6 12. Kf2 Ne7 13. Ng3 Nf5 14. Bd3 Nd6
15. h4 Bd7 16. h5 Bb5 17. h6 g6 18. Bxb5 Nxb5 19. Qd3 c6 20. Ne2 Ra4 21. g4 Qd6
22. g5 Nd7 23. Nf4 Rea8 24. Re1 Nf8 25. Qd1 Nxc3 26. Qd3 Nb5 27. Ng2 Rxb4 28.
axb4 Rxa1 29. Bf4 Ra2+ 30. Re2 Rxe2+ 31. Qxe2 Qxb4 32. Qe8 Qxd4+ 33. Kg3 Qb4
34. Qd8 Qc3 35. Ne3 Nd4 36. Be5 Ne2+ 37. Kf2 Qxe5 38. Ng4 Qg3+ 39. Kxe2 Qg2+
40. Ke3 Qg1+ 41. Kd3 Qd1+ 42. Ke3 Qc1+ 43. Kf2 Qd2+ 44. Kg1 Qe1+ 45. Kg2 Qe2+
46. Kg3 Qe1+ 47. Kf4 Qd2+ 48. Ke5 Qe1+ 49. Kd6 Qe6+ 50. Kc7 f5 51. gxf6 Kf7 52.
Kxb6 c5+ 53. Kxc5 Nd7+ 54. Kd4 Qd6 55. Qh8 Qf4+ 56. Kxd5 Nxf6+ 57. Nxf6 Qf5+
58. Kc4 Qc2+ 59. Kb4 Qb2+ 60. Kc5 Qc3+ 61. Kb5 Qb3+ 62. Kc5 b6+ 63. Kc6 Qe6+
64. Kc7 Qe5+ 65. Kc8 Qc3+ 66. Kb8 Qxf6 67. Qxh7+ Ke6 68. Qg8+ Kf5 69. h7 Qd6+
70. Ka7 Qd7+ 71. Kb8 Qd6+ 72. Kc8 Qc6+ 73. Kd8 Qd6+ 74. Ke8 Qb8+ 75. Kd7 Qa7+
76. Kc6 Qa4+ 77. Kd6 Qa3+ 78. Kd7 Qa7+ 79. Ke8 Qb8+ 80. Kd7 Qa7+ 81. Kd6 Qa3+
82. Kc7 Qa7+ 83. Kc6 Qa4+ 84. Kxb6 Qb4+ 85. Kc6 Qc3+ 86. Kd6 Qb4+ 87. Kc6 Qc3+
88. Kb5 Qb2+ 89. Ka4 Qa1+ 90. Kb3 Qb1+ 91. Ka3 Qc1+ 92. Ka4 Qa1+ 93. Kb4 Qe1+
94. Kb5 Qe5+ 95. Kb4 Qe1+ 96. Ka3 Qc1+ 97. Kb3 Qb1+ 98. Kc4 Qc1+ 99. Kb5 Qb2+
100. Kc5 Qa3+ 101. Kb5 Qb2+ 102. Ka4 Qa1+ 103. Kb5 Qb2+ 104. Kc6 Qc3+ 105. Kd6
Qb4+ 106. Kd7 Qd4+ 107. Ke7 Qc5+ 108. Kf7 Qc7+ 109. Kf8 Qd8+ 110. Kg7 Qf6+ 111.
Kh6 Qh4+ 112. Kg7 Qf6+ 113. Kh6 Qh4+ 1/2-1/2